Aluminium should do better against PVC (Record no. 66156)

MARC details
000 -LEADER
fixed length control field 00921cam a2200241 4500
001 - CONTROL NUMBER
control field ABS63539
008 - FIXED-LENGTH DATA ELEMENTS--GENERAL INFORMATION
fixed length control field 000000n2001 000 0 eng u
035 ## - SYSTEM CONTROL NUMBER
System control number (Sirsi) u111013
100 ## - MAIN ENTRY--PERSONAL NAME
Personal name Wightman, S.
245 ## - TITLE STATEMENT
Title Aluminium should do better against PVC
260 ## - PUBLICATION, DISTRIBUTION, ETC.
Date of publication, distribution, etc. 2001
490 ## - SERIES STATEMENT
Series statement ASI Journal
Volume/sequential designation 12(6) February 2001, 20-21(2)
520 ## - SUMMARY, ETC.
Summary, etc. The UK's total window market is worth about £5.1bn. PVC has 54%, aluminium 24% and timber 18%. Discusses the advantages of aluminium over PVC in the domestic and commercial markets. Considers factors why PVC has been so successful and why aluminium should be the choice material for the future.
590 ## - LOCAL NOTE (RLIN)
Local note ABS
650 ## - SUBJECT ADDED ENTRY--TOPICAL TERM
Topical term or geographic name entry element ALUMINIUM
650 ## - SUBJECT ADDED ENTRY--TOPICAL TERM
Topical term or geographic name entry element PVC
650 ## - SUBJECT ADDED ENTRY--TOPICAL TERM
Topical term or geographic name entry element WINDOWS
650 ## - SUBJECT ADDED ENTRY--TOPICAL TERM
Topical term or geographic name entry element DOORS
650 ## - SUBJECT ADDED ENTRY--TOPICAL TERM
Topical term or geographic name entry element PERFORMANCE
650 ## - SUBJECT ADDED ENTRY--TOPICAL TERM
Topical term or geographic name entry element BUILT ENVIRONMENT-BUILDING MAINTENANCE AND REFURBISHMENT
690 ## - LOCAL SUBJECT ADDED ENTRY--TOPICAL TERM (OCLC, RLIN)
Topical term or geographic name as entry element BUILT ENVIRONMENT-BUILDING MATERIALS
942 ## - ADDED ENTRY ELEMENTS (KOHA)
Suppress in OPAC 0
Holdings
Withdrawn status Lost status Source of classification or shelving scheme Damaged status Not for loan Home library Current library Shelving location Date acquired Total Checkouts Full call number Barcode Date last seen Copy number Price effective from Koha item type
    Dewey Decimal Classification     London London Journal article 20/02/2001   ABS63539 111013-1001 06/08/2019 1 06/08/2019 Journal article